00337nam a2200133 a 4500008004100000050001500041100001700056245003000073246001100103246002400114260003400138300002200172350000900194120416s1980 ||||||||||||||||| || u aTH 891 Law aLawson, T. V10aWind effects on buildings avol. 1 adesign applications aLondonbApplied Sciencec1980 axix, 318p. : ill. a0.00